000 00624nam a2200205Ia 4500
003 GCL
008 140319s9999 xx 000 0 ara d
040 _aGCL /
_cGCL
082 0 4 _a891.7
_bت د
100 1 _aابراهيم زكى خورشيد
245 1 0 _aدودين: راويه /
_cابراهيم زكى خورشيد
700 1 _aتورجينيف، ايفان
300 _aالقاهرة
490 _a
650 0 4 _aالادب الروسى
650 0 4 _aالقصص الروسية المترجمة
650 0 4 _aالقصص الروسية
650 0 4 _aالادب الروسى المترجم
942 _2ddc
_cBK
999 _c40338
_d40338